MNET PLANET series finalists - Statistics

General Stats
  • This quiz has been taken 4 times
  • The average score is 20 of 33
Answer Stats
Hint Answer % Correct
Kep1er Choi Yujin
100%
Kep1er Ezaki Hikaru
100%
ZEROBASEONE Han Yujin
100%
Kep1er Huening Bahiyyih
100%
Kep1er Sakamoto Mashiro
100%
ZEROBASEONE Seok Matthew
100%
Kep1er Shen Xiaoting
100%
ZEROBASEONE Sung Hanbin
100%
Kep1er Kang Yeseo
75%
Kep1er Kim Chaehyun
75%
Kep1er Kim Dayeon
75%
ALPHA DRIVE ONE Kim Geonwoo
75%
ZEROBASEONE Kim Gyuvin
75%
ZEROBASEONE Kim Jiwoong
75%
ZEROBASEONE Kim Taerae
75%
ZEROBASEONE Park Gunwook
75%
ZEROBASEONE Ricky
75%
ZEROBASEONE Zhang Hao
75%
ALPHA DRIVE ONE Lee Leo
50%
Kep1er Seo Youngeun
50%
ALPHA DRIVE ONE Chung Sanghyeon
25%
MODYSSEY Fan Zheyi
25%
ALPHA DRIVE ONE He Xin Long
25%
ALPHA DRIVE ONE Kim Junseo
25%
ALPHA DRIVE ONE Lee Sangwon
25%
MODYSSEY Li Zihao
25%
MODYSSEY Ngan Chauyuet
25%
MODYSSEY Sun Hengyu
25%
MODYSSEY Xue Suren
25%
MODYSSEY Yi Chen
25%
ALPHA DRIVE ONE Zhang Jia Hao
25%
MODYSSEY Zhao Guangxu
25%
ALPHA DRIVE ONE Zhou An Xin
25%
No matching quizzes found
Score Distribution
Percent of People with Each Score
Percentile by Number Answered
Your Score History
You have not taken this quiz